Trises del recuerdo / (Registro nro. 7740)

Detalles MARC
000 -LIDER
fixed length control field 00996nam a2200277 a 4500
001 - NÚMERO DE CONTROL
Identificador de número de control 000006377
003 - IDENTIFICACDOR DE NÚMERO DE CONTROL
control field DO-SdBNP
005 - DATE AND TIME OF LATEST TRANSACTION
control field 20180327131623.0
007 - CAMPOS FIJOS DE DESCRIPCIÓN FÍSICA
fixed length control field 000006377
008 - ELEMENTOS DE LONGITUD FIJA
fixed length control field 090828s2008 dr a 000 p spa d
040 ## - FUENTE DE CATALOGACIÓN
Agencia que crea de manera original el registro BPMSU
Idioma de catalogación spa
Agencia que realiza la transcripción BPMSU
092 ## - LOCALLY ASSIGNED DEWEY DECIMAL CALL NUMBER
Número de clasificación RD861.44
Número de ítem (Cutter) P433t
100 1# - ASIENTO PRINCIPAL -- NOMBRE PERSONAL
Nombre personal Perdomo, Ramón
245 10 - MENCIÓN DE TITULO
Título Trises del recuerdo /
Mención de responsabilidad Ramón Perdomo ; prólogo Víctor Villegas.
260 ## - PUBLICACIÓN, DISTRIBUCIÓN, ETC. (PIE DE IMPRENTA)
Lugar de publicación, distribución, etc San Pedro de Macorís, República Dominicana :
Nombre del editor, distribuidor, etc. Cemex :
-- Gobierno Municipal San Pedro de Macorís,
Fecha de publicación, distribución, etc 2008.
300 ## - DESCRIPCIÓN FÍSICA
Extensión 70 p. :
Otros detalles físicos il. ;
Dimensiones 21 cm.
500 ## - NOTA GENERAL
Nota general Incluye datos biográficos del autor en la solapa de la contracubierta.
590 ## - NOTA LOCAL
Texto de la nota local La biblioteca posee 3 ejemplares autográfiados por el autor.
650 #4 - ENCABEZAMIENTO DE MATERIA--TEMÁTICO
Término temático o nombre geográfico como elemento de entrada POESÍA DOMINICANA
650 #4 - ENCABEZAMIENTO DE MATERIA--TEMÁTICO
Término temático o nombre geográfico como elemento de entrada LITERATURA DOMINICANA
700 1# - ASIENTO SECUNDARIO -- NOMBRE PERSONAL
Nombre personal Villegas, Víctor,
Mención de responsabilidad pról.
910 ## - VALIDACIÓN
Validación Validado. Control de calidad BNPHU
942 ## - ADDED ENTRY ELEMENTS (KOHA)
Source of classification or shelving scheme Dewey Decimal Classification
Koha item type Libros
945 ## - INFORMACIÓN DE PROCESAMIENTO LOCAL
Información de procesamiento local Remanejada para la BNPHU / VM
956 ## - LOCAL ELECTRONIC LOCATION AND ACCESS (OCLC)
Nombre de host VMATEO
Número de acceso 10
Información de compresión 20150428
Inicio de sesión BPMSU
Procesador de solicitud 00151
Existencias
Withdrawn status Lost status Source of classification or shelving scheme Damaged status Not for loan Collection code Home library Current library Date acquired Total Checkouts Full call number Barcode Date last seen Price effective from Koha item type
    Dewey Decimal Classification     Colección Dominicana Biblioteca Pública Metropolitana Salomé Ureña Biblioteca Pública Metropolitana Salomé Ureña 04/28/2015   RD861.44 P433t BPMSU15041438 04/28/2015 04/28/2015 Libros